| 000 | 00692nam a2200193 a 4500 | ||
|---|---|---|---|
| 001 | 000046331 | ||
| 005 | 20241030114426.0 | ||
| 008 | 150723s2012 dr a 000 0 spa d | ||
| 040 |
_aDO-SdBNP _bspa _cBNPHU |
||
| 082 |
_axxxx _bxxxx |
||
| 100 | 1 |
_aDuarte, Isis _92123 |
|
| 245 | 1 | 0 |
_aMujer dominicana en cifras / _cIsis Duarte, investigadoras adjuntas, Julia Hasbún y Maritza García ; presentación Alejandrina Germán. |
| 260 |
_aSanto Domingo : _bMinisterio de la Mujer, _c2012. |
||
| 300 |
_axxvi, 319 p. : _bil. ; _c27 cm. |
||
| 504 | _aBibliografía : p. 313-319 | ||
| 700 | 1 | 2 |
_aGarcía, Maritza _92987 |
| 700 | 1 | 2 |
_aHasbún, Julia _935806 |
| 700 | 1 | 2 |
_aGermán, Alejandrina, _epre. _912096 |
| 999 |
_c45820 _d45820 |
||